Proust musicista /

Guardat en:
Dades bibliogràfiques
Autor principal: Nattiez, Jean-Jacques (Autor)
Format: Llibre
Idioma:italià
Publicat: Palermo : Sellerio, \1992!
Col·lecció:Prisma ; 147
Matèries:
Etiquetes: Afegir etiqueta
Sense etiquetes, Sigues el primer a etiquetar aquest registre!

MARC

LEADER 00000nam a2200000 i 4500
001 IT\ICCU\CFI\0218732
003 ItRI
005 20260115232314.0
008 930511s1992 it |||||| ||||| |||||c
015 |2 IT  |a 93-3405 
040 |b ita  |c importazione bologna sebina 
041 7 |a ita  |2 ISO-639-2 
082 |a 843.912  |9 NARRATIVA FRANCESE. 1900-1945  |2 19 
100 1 |a Nattiez, Jean-Jacques  |0 IT\ICCU\CFIV\037974  |4 aut 
240 1 0 |a Proust musicien. -  |3 IT\ICCU\CFI\0218736  |9 Nattiez, Jean-Jacques 
245 1 0 |a Proust musicista /  |c Jean-Jacques Nattiez. 
260 |a Palermo :  |b Sellerio,  |c \1992! 
300 |a 111 p. ;  |c 21 cm 
500 |a Trad. di Roberta Ferrara. 
650 7 |a Proust, Marcel  |x Interesse per la musica  |2 scbi 
830 0 |a Prisma ;  |v 147  |0 IT\ICCU\CFI\0004112 
942 |2 ddc  |c BK  |n 0 
952 |0 0  |1 0  |4 0  |6 DOC_840_900000000000000_NAT  |7 0  |9 23886  |a BO  |b BO  |d 2026-01-15  |i 3827  |l 0  |o DOC 840.9 NAT  |p BO3827  |r 2026-01-15 23:23:14  |w 2026-01-15  |x [Sebina 5] [1 v.]  |y BK  |z 1 v. 
999 |c 20344  |d 20344